Paroles - Week-end à Rome - Étienne Daho - Statistiques

Statistiques générales
  • Ce quiz a été pris 67 fois
  • Le résultat moyen est 109 sur 173
Statistiques - réponses
Paroles % Correct
D’
100%
En
100%
Rome,
100%
Rome
100%
à
98%
a
98%
À
98%
end
98%
Week-
98%
L’
96%
S’
96%
de
92%
le
92%
personne
91%
sans
91%
les
89%
deux
87%
deux,
87%
la
87%
La
87%
m’
87%
m'
87%
J’
85%
j’
85%
Tous
85%
te
77%
dans
75%
Dans
75%
ta
75%
bulle
70%
il
68%
pour
68%
Pour
68%
ton
68%
Ton
68%
Et
66%
temps
66%
une
66%
Une
66%
y
66%
ai
64%
est
62%
mon
62%
Mon
62%
aquarium
60%
coincer
60%
Florence,
58%
fortune
58%
Milan,
58%
on
58%
bagnole
55%
radio
55%
rital,
55%
rital
55%
voudrais
55%
ne
51%
sous
51%
pluie
45%
Qui
45%
tant
45%
toi
45%
cœur
43%
Oh
42%
Oh,
42%
Paris
42%
vivre,
40%
douceur
38%
ressemble
38%
Afin
36%
bocal,
36%
failli
36%
froid
36%
perdre
36%
sang
36%
avec
34%
empoisonne,
34%
escale
34%
escapade
34%
fun
34%
jeunes,
34%
dire
32%
Puisqu'
32%
Chanson
30%
mélo
28%
bancal
26%
assomme
25%
poser
25%
Poser
25%
préfère
25%
ritale,
25%
ritale
25%
Variété
25%
gris
23%
rire
23%
traîner
19%
sourire,
13%
Retrouver
11%
soupirs,
9%
Bonheur,
8%
Aucun quiz correspondant
Distribution des résultats
% des personnes avec chaque résultat
Percentile par nombre de réponses
Votre historique - résultats
Vous n’avez pas pris ce quiz